| 000 | 00753nac a22001931u 4500 | ||
|---|---|---|---|
| 020 | _a0521576857 | ||
| 082 |
_a306.44 _bA266 |
||
| 090 |
_c2010 _d2010 |
||
| 100 | _a AGHA, ASIF | ||
| 245 |
_aLanguage and social relations / _cAsif Agha |
||
| 260 |
_aCambridge: _bCambridge University Press,2007. _c2007 |
||
| 300 |
_a427 p.; _c24 cm. |
||
| 440 |
_aStudies in the Social and Cultural Foundations of Language _vv.24 |
||
| 504 | _aIncludes bibliographical references (p. 408-418) and index | ||
| 650 | _aSociolinguistics | ||
| 650 | _a Interpersonal communication | ||
| 942 |
_cBB _k306.44A266 |
||
| 999 |
_c2010 _d2010 |
||